000 00607nam a2200241Ia 4500
003 OSt
005 20220918192315.0
006 a|||||r|||| 00| 0
007 ta
008 220917b |||||||| |||| 00| 0 eng d
024 _a67,805
037 _cTextual
040 _aARTS
_cARTS
_beng
041 _2eng
_aeng
082 _aR3xM59:g, M9
100 _aLacey A R
_95237
245 0 _aBergson
260 _aNew York
_bRoutledge
_c1989
300 _ax,241p.
_ccm.
500 _aBib 220-26p; Includes index
942 _hR3xM59:g, M9
_cTEXL
_2CC
999 _c194038
_d194038